000 01857nam a22004817a 4500
001 000095627
003 CHAP
005 20220817044109.0
008 060428d2006 mx r 00110 spa d
010 _a92093
011 _a93065
035 _a103636
040 _cCHAP
090 _aTesis
100 0 0 _aSánchez González, Arturo.
245 1 0 _aEfecto del riego con aguas residuales sobre la calidad de la materia orgánica extractable con agua (MOEA) y las especies de metales pesados en suelos del Valle del Mezquital /
_c/por Arturo Sánchez González.
260 _aChapingo, Méx. :
_bEl autor,
_c2006.
300 _a123 h. :
_bgráfs.; cuadros.
502 _aTesis (Ing. Agr. Esp. en Suelos) - - UACH. Departamento de Suelos
590 _aALEPH
_b10
_c20130110
_lUCH01
_h1511
590 _aBATCH-UPD
_b10
_c20130110
_lUCH01
_h0158
590 _aBATCH-UPD
_b10
_c20130110
_lUCH01
_h1109
590 _aBATCH-UPD
_b10
_c20130409
_lUCH01
_h2204
590 _aBATCH-UPD
_b10
_c20130410
_lUCH01
_h1215
590 _aBATCH-UPD
_b10
_c20130914
_lUCH01
_h0104
590 _aBATCH-UPD
_b10
_c20140324
_lUCH01
_h1456
590 _aBATCH-UPD
_b10
_c20141002
_lUCH01
_h0830
590 _aCONVERSION
_b10
_c20130109
_lUCH01
_h1351
590 _aE11695DGD
_b10
_c20130531
_lUCH01
_h1003
650 1 4 _aAguas residuales para irrigación.
_92591
650 1 4 _aIrrigación.
_960366
650 1 4 _aIrrigación
_xHidalgo.
_960415
650 1 4 _aMetales pesados
_xEfecto en suelos.
_975172
650 1 4 _aSuelos
_xMateria orgánica.
_9110429
650 1 4 _aSuelos
_zHidalgo.
_9110522
856 _3Finding aid
_uhttp://10.13.5.2/tesis/103636.pdf
_zTeclea aquí
901 _aBK
905 _aElisama A. H.
942 _cCD
942 _n0
949 _aTesis
_bBC
_cTES
_d00000000103636
_eTS1
_h44884
_i103636
_sb
949 _aTesis
_bBC
_cTES
_d33724000962312
_eTS2
_fc.2
_h44885
_i103636
_si
999 _c92093
_d92093